Diccionario biográfico de los parlamentarios de Vasconia: 1876-1939

Gespeichert in:
Bibliographische Detailangaben
Hauptverfasser: Agirreazkuenaga Zigorraga, Joseba (VerfasserIn), Alonso, E (VerfasserIn), Castaño, G (VerfasserIn), Chueca, J (VerfasserIn), Delgado, A (VerfasserIn), Gracias, J (VerfasserIn), Martínez, F (VerfasserIn), Penche, J (VerfasserIn), Pérez, J. A (VerfasserIn), Rilova, C (VerfasserIn), Serrano, S (VerfasserIn), Urquijo, M (VerfasserIn)
Format: Buch
Sprache:Spanisch
Veröffentlicht: Bilbao Eusko Legebiltzarra 2007
Ausgabe:1a. ed
Schriftenreihe:Colección Estudios Vascos, 8
Schlagworte:
Tags: Tag hinzufügen
Keine Tags, Fügen Sie den ersten Tag hinzu!

MARC

LEADER 00000cam a2200000 a 4500
001 UCD6522
003 CL-VaPUC
008 161216e20070000sp |||||||||||||||||spa|d
020 |a 8487122876o.c 
020 |a 8487122884v.1 
020 |a 8487122892v.2 
020 |a 8487122906v.3 
082 0 4 |a 920.946  |b AGI  |2 21 
100 0 |a Agirreazkuenaga Zigorraga, Joseba  |e author  |9 590368 
700 0 |a Alonso, E  |e author  |9 590369 
700 0 |a Castaño, G  |e author  |9 590370 
700 0 |a Chueca, J  |e author  |9 590371 
700 0 |a Delgado, A  |e author  |9 590372 
700 0 |a Gracias, J  |e author  |9 590373 
700 0 |a Martínez, F  |e author  |9 590374 
700 0 |a Penche, J  |e author  |9 590375 
700 0 |a Pérez, J. A  |e author  |9 590376 
700 0 |a Rilova, C  |e author  |9 590377 
700 0 |a Serrano, S  |e author  |9 590378 
700 0 |a Urquijo, M  |e author  |9 590379 
245 1 0 |a Diccionario biográfico de los parlamentarios de Vasconia: 1876-1939 
250 |a 1a. ed 
300 |a v 
942 |c BK 
945 |d 20161216 10:21:00  |a dcastane 
260 |a Bilbao  |b Eusko Legebiltzarra  |c 2007 
650 0 |a Biografías  |9 255210 
650 7 |a POLITICOS ESPAÑOLES  |2 CL-VaPUC  |9 421097 
650 0 |a Diccionarios  |9 256200 
583 |a last modification  |c 20161216 10:21:00  |k Rodrigo Vera 
490 0 |a Colección Estudios Vascos, 8 
999 |c 366827  |d 366825 
952 |0 0  |1 0  |3 erd  |4 0  |6 920_946000000000000_AGI_2007  |7 0  |8 X  |9 481379  |a FDOBUD  |b FDOBUD  |h v.1  |i 5325420  |o 920.946 AGI 2007  |p 5325420  |r 2019-11-24  |w 2019-11-24  |y BK_X  |z Catalogado en:20161216  |k BUD 
952 |0 0  |1 0  |3 erd  |4 0  |6 920_946000000000000_AGI_2007  |7 0  |8 X  |9 481380  |a FDOBUD  |b FDOBUD  |h v.2  |i 5325439  |o 920.946 AGI 2007  |p 5325439  |r 2019-11-24  |w 2019-11-24  |y BK_X  |z Catalogado en:20161216  |k BUD 
952 |0 0  |1 0  |3 erd  |4 0  |6 920_946000000000000_AGI_2007  |7 0  |8 X  |9 481381  |a FDOBUD  |b FDOBUD  |h v.3  |i 5325447  |o 920.946 AGI 2007  |p 5325447  |r 2019-11-24  |w 2019-11-24  |y BK_X  |z Catalogado en:20161216  |k BUD